États du Midwest - Statistiques

Statistiques générales
  • Ce quiz a été pris 40 fois
  • Le résultat moyen est 10 sur 12
Statistiques - réponses
État % Correct
Illinois
89%
Minnesota
89%
Ohio
89%
Michigan
85%
Indiana
81%
Iowa
81%
Missouri
81%
Wisconsin
81%
Dakota du Nord
78%
Dakota du Sud
78%
Kansas
78%
Nebraska
63%
Aucun quiz correspondant
Distribution des résultats
% des personnes avec chaque résultat
Percentile par nombre de réponses
Votre historique - résultats
Vous n’avez pas pris ce quiz